Carregant...

Communication skills for professionals

Dades bibliogràfiques
Autor principal: Nira Konar
Format: Printed Book
Publicat: PHI Learning Pvt. Ltd., New Delhi 2009
Matèries:
LEADER 00479nam a2200157 4500
082 |a 658.45 NIR-C 
100 |a Nira Konar 
245 |a Communication skills for professionals  |c Nira Konar 
250
260 |a PHI Learning Pvt. Ltd., New Delhi  |c 2009 
300 |a 193 p 
490
650 |a Communication in management 
942 |c BK 
999 |c 127998  |d 127998 
952 |0 0  |1 0  |4 0  |6 658_450000000000000_NIRC  |7 0  |9 141460  |a COM  |b COM  |l 0  |o 658.45 NIR-C  |p COM04891  |r 2019-10-24  |w 2019-10-24  |y BK